| 000 | 01104pam a2200253 a 4500 | ||
|---|---|---|---|
| 001 | 498366 | ||
| 003 | NUST-PNEC | ||
| 005 | 20170116180712.0 | ||
| 008 | 850826s1986 nyua b 001 0 eng | ||
| 010 | _a 85020338 | ||
| 020 | _a0471828130 : | ||
| 040 |
_aDLC _cPNEC _dDLC |
||
| 050 | 0 | 0 |
_aQA76.76.S64 _bP37 1986 |
| 082 | 0 | 0 | _a005.16 |
| 100 | 1 |
_aParikh, Girish, _d1934- |
|
| 245 | 1 | 0 |
_aHandbook of software maintenance : _ba treasury of technical and managerial tips, techniques, guidelines, ideas, sources, and case studies for efficient, effective, and economical software maintenance / _cGirish Parikh ; with a foreword by Gerald M. Weinberg. |
| 260 |
_aNew York : _bWiley, _cc1986. |
||
| 300 |
_axxiii, 421 p. : _bill. ; _c24 cm. |
||
| 500 | _aIncludes indexes. http://www.amazon.com/Handbook-Software-Maintenance-Girish-Parikh/dp/0471828130/ref=sr_1_1?s=books&ie=UTF8&qid=1413204381&sr=1-1&keywords=0471828130 | ||
| 504 | _aBibliography: p. 367-412. | ||
| 650 | 0 |
_aSoftware maintenance _xMIS _xHandbooks, manuals, etc. |
|
| 906 |
_a7 _bcbc _corignew _d1 _eocip _f19 _gy-gencatlg |
||
| 942 |
_2ddc _cBK |
||
| 999 |
_c60997 _d60997 |
||